Technical report (Record no. 32814)

000 -LEADER
fixed length control field 00529nam a22002177a 4500
001 - CONTROL NUMBER
control field 32814
003 - CONTROL NUMBER IDENTIFIER
control field BD-DhUET
008 - FIXED-LENGTH DATA ELEMENTS--GENERAL INFORMATION
fixed length control field 150907b xxu||||| |||| 00| 0 eng d
040 ## - CATALOGING SOURCE
Original cataloging agency DLC
Transcribing agency DLC
Modifying agency BD-DhUET
082 ## - DEWEY DECIMAL CLASSIFICATION NUMBER
Classification number 621.07
Item number BEB/1954
110 ## - MAIN ENTRY--CORPORATE NAME
Corporate name or jurisdiction name as entry element B. E. B. E. I. Co.
245 ## - TITLE STATEMENT
Title Technical report
250 ## - EDITION STATEMENT
Edition statement 1st ed.
260 ## - PUBLICATION, DISTRIBUTION, ETC. (IMPRINT)
Place of publication, distribution, etc. London
Name of publisher, distributor, etc. B. E. B. E. I. Co.
Date of publication, distribution, etc. 1954
300 ## - PHYSICAL DESCRIPTION
Extent 256p.
Other physical details ill.
490 ## - SERIES STATEMENT
Series statement New series
500 ## - GENERAL NOTE
General note Vol. II
504 ## - BIBLIOGRAPHY, ETC. NOTE
Bibliography, etc Includes bibliographies
650 #0 - SUBJECT ADDED ENTRY--TOPICAL TERM
Topical term or geographic name as entry element Technical report
942 ## - ADDED ENTRY ELEMENTS (KOHA)
Koha item type Corporate Publication
Holdings
Koha normalized classification for sorting Not for loan Sublocation or collection (holding branch) Copy number Koha date last seen Piece designation (barcode) Location (home branch) Koha item type Withdrawn status Damaged status Koha full call number Lost status Shelving location Source of classification or shelving scheme Date acquired Price effective from
621_070000000000000_BEB_1954 Central Library, BUET12015-09-0736Central Library, BUETCorporate Publication  621.07/BEB/1954 Circulation section 2015-09-072015-09-07